Normal view
MARC view
- Akram,Adnan
Entry Personal Name
001 - CONTROL NUMBER
- control field: 5129
003 - CONTROL NUMBER IDENTIFIER
- control field: NUST
005 - DATE AND TIME OF LATEST TRANSACTION
- control field: 20171002123642.0
008 - FIXED-LENGTH DATA ELEMENTS
- fixed length control field: 171002|| aca||aabn | a|a d
040 ## - CATALOGING SOURCE
- Original cataloging agency: NUST
- Transcribing agency: NUST
100 ## - HEADING--PERSONAL NAME
- Personal name: Akram,Adnan
670 ## - SOURCE DATA FOUND
- Source citation: Work cat.: (NUST): Akram,Adnan, Assessing the impact of natural disaster on human development index in the most affected countries, 2017
